[Event "2015 REGULAR QUAD, S50239"]
[Site "CCLA"]
[Date "2015.05.29"]
[Round "?"]
[White "Strelecky, Rich"]
[Black "Smiley, William R."]
[Result "0-1"]
[WhiteElo "1670"]
[BlackElo "1613"]

1. e3 e5 2. Nc3 Nf6 3. d4 e4 4. Bc4 d5 5. Bb3 Bb4 6. h3 Nc6 7. Ne2 O-O 8. 
Bd2 Re8 9. O-O Be6 10. Nf4 Ne7 11. Nce2 Bd6 12. Nxe6 fxe6 13. f4 Nf5 14. 
Kh2 Kh8 15. Be1 Nxe3 16. Qc1 Nxf1+ 17. Kg1 Nh5 18. Kxf1 Qf6 19. Bd2 Rf8 
20. g3 g5 21. Kg2 gxf4 22. gxf4 Nxf4+ 23. Nxf4 Qg5+ 24. Kh1 Bxf4 25. Bxf4 
Rxf4 26. Qg1 Qh4 27. Qh2 Rg8 28. Rg1 Rxg1+ 29. Kxg1 Qe1+ 0-1

[Event "2015 REGULAR QUAD, S50239"]
[Site "CCLA"]
[Date "2015.05.29"]
[Round "?"]
[White "Strelecky, Rich"]
[Black "Gunning, Edward E."]
[Result "1-0"]
[WhiteElo "1670"]
[BlackElo "1439"]

1. Nc3 e5 2. Nf3 Nc6 3. d4 d5 4. Nxe5 Nxe5 5. dxe5 Bb4 6. Bd2 c6 7. e3 Ne7
8. Bd3 O-O 9. O-O b5 10. h3 Nf5 11. a4 d4 12. Ne2 Bc5 13. e4 Nh4 14. b4 
Bxb4 15. Bxb4 Nf3+ 16. gxf3 Qg5+ 17. Ng3 Re8 18. Kg2 Re6 19. Qc1 Qh4 20. 
Bd2 Rg6 21. Rh1 a6 22. axb5 c5 23. f4 Rh6 24. f5 Rh5 25. Nxh5 f6 26. Ng3 
Ra7 27. Qa3 fxe5 28. Qxc5 1-0

[Event "2015 Server Team Ch - Div 1, S51999"]
[Site "CCLA"]
[Date "2015.10.30"]
[Round "?"]
[White "Ryan, Patrick J."]
[Black "Richardt, Mike"]
[Result "1-0"]
[WhiteElo "2188"]
[BlackElo "2216"]
[Board "4"]
[WhiteTeam "Paul Morphy's Hair"]
[BlackTeam "BCCA Kings"]

1. Nc3 e5 2. Nf3 Nc6 3. d4 exd4 4. Nxd4 Nf6 5. Bg5 Bb4 6. Nxc6 bxc6 7. Qd4
Qe7 8. Bxf6 gxf6 9. e3 c5 10. Qd3 Qe5 11. f4 Bxc3+ 12. Kf2 Qe7 13. Qxc3 
Rg8 14. Rg1 Bb7 15. a3 O-O-O 16. g3 d5 17. b4 d4 18. exd4 cxd4 19. Re1 
dxc3 20. Rxe7 Rd2+ 21. Re2 Rgd8 22. Bh3+ Kb8 23. Bf5 Bc8 24. Bxc8 Kxc8 25.
 Re1 R8d6 26. Rxd2 cxd2 27. Rd1 Ra6 28. Kf3 Rxa3+ 29. Kg4 c5 30. b5 1-0

[Event "2015 Server Team Ch - Div 1, S51999"]
[Site "CCLA"]
[Date "2015.10.30"]
[Round "?"]
[White "Ryan, Patrick J."]
[Black "Edwards, K. E. D. G."]
[Result "1/2-1/2"]
[WhiteElo "2188"]
[BlackElo "2207"]
[Board "4"]
[WhiteTeam "Paul Morphy's Hair"]
[BlackTeam "Gustafson Winners"]

1. Nc3 e5 2. Nf3 Nc6 3. d4 exd4 4. Nxd4 Nf6 5. Bg5 Bc5 6. e3 Nxd4 7. exd4 
Be7 8. Bd3 d5 9. O-O O-O 10. Re1 c6 11. a3 Be6 12. Ne2 h6 13. Bf4 Re8 14. 
c3 Bd6 15. f3 Qc7 16. Qd2 Bd7 17. Bxd6 Qxd6 18. Bc2 Re7 19. Nf4 Rae8 20. 
g3 g5 21. Ng2 Bh3 22. Bd3 Bxg2 23. Kxg2 Kg7 24. Rad1 a5 25. a4 Qd7 26. 
Rxe7 1/2-1/2

[Event "Winter Series, S50041"]
[Site "CCLA"]
[Date "2015.01.28"]
[Round "?"]
[White "Berger, Byron"]
[Black "Strelecky, Rich"]
[Result "0-1"]
[WhiteElo "1511"]
[BlackElo "1667"]

1. Nc3 c5 2. Nf3 Nc6 3. e3 b6 4. d4 e6 5. d5 exd5 6. Nxd5 Nf6 7. Bc4 Be7 
8. Nxe7 Qxe7 9. O-O O-O 10. Bd2 Bb7 11. Bc3 Ne4 12. Qd3 Rfe8 13. Rad1 d6 
14. Nd2 Nxc3 15. Qxc3 Ne5 16. Be2 Qg5 17. f3 Ng6 18. e4 Nf4 19. Rf2 Nh3+ 
0-1

[Event "2015 Regular Quad, S50039"]
[Site "CCLA"]
[Date "2015.02.02"]
[Round "?"]
[White "Tarrant, Johnny L."]
[Black "Pronovost, David"]
[Result "0-1"]
[WhiteElo "1154"]
[BlackElo "1731"]

1. g3 e5 2. Nf3 d5 3. d4 e4 4. Bg5 f6 5. Qd2 fxg5 6. Ne5 Bd6 7. Bg2 Qf6 8.
 O-O Bxe5 9. Nc3 Bxd4 10. Nxd5 Qe5 11. c4 Nf6 12. Rab1 Be6 13. Qa5 Nxd5 
14. e3 Bb6 15. Qa4+ Bd7 16. Qc2 Nf6 17. Qe2 Bg4 18. h3 Bxe2 19. Rfe1 Bxc4 
20. Rbc1 Bxa2 21. f4 gxf4 22. Rc2 f3 23. Bf1 Qxg3+ 24. Rg2 f2+ 25. Kh1 
Qxh3+ 26. Rh2 Qf3+ 27. Bg2 fxe1=Q# 0-1

[Event "2015 Server Team Ch - Div 2"]
[Site "CCLA"]
[Date "2015.10.30"]
[Round "?"]
[White "Brotherton, Trevor S."]
[Black "Young III, William C."]
[Result "1-0"]
[WhiteElo "1894"]
[BlackElo "2013"]
[Board "1"]
[WhiteTeam "SchemingMind C"]
[BlackTeam "Chairmen of the Board"]

1. g3 d5 2. Bg2 e5 3. d3 Nf6 4. Nf3 Be6 5. Nxe5 Bd6 6. d4 c6 7. O-O O-O 8.
 c4 dxc4 9. Nd2 b5 10. a4 Nd5 11. axb5 cxb5 12. Ne4 f6 13. b3 cxb3 14. 
Qxb3 Nc7 15. Qb1 Be7 16. Nd3 Bc4 17. Nf4 g5 18. d5 a5 19. d6 Bxd6 20. Nxd6
Qxd6 21. Bxa8 Nxa8 22. Rxa5 Nc6 23. Ba3 b4 24. Rd1 Qe7 25. Nd5 1-0

[Event "2015 NA Class C-Rd1 Sect 1, S50091"]
[Site "CCLA"]
[Date "2015.04.27"]
[Round "?"]
[White "McLaughlin, Ed"]
[Black "Nurmi, Ronald"]
[Result "1-0"]
[WhiteElo "1493"]
[BlackElo "1458"]

1. g3 d5 2. Bg2 e5 3. c4 d4 4. d3 Nc6 5. Nh3 Nf6 6. O-O Bd6 7. Nd2 Bg4 8. 
f3 Bf5 9. Nf2 O-O 10. Nde4 Be7 11. a3 a5 12. Bg5 h6 13. Nxf6+ Bxf6 14. 
Bxf6 Qxf6 15. Ne4 Qd8 16. f4 Rb8 17. Nc5 exf4 18. Rxf4 Qd6 19. Rxf5 1-0

[Event "Premier Quad, S50269"]
[Site "CCLA"]
[Date "2015.06.15"]
[Round "?"]
[White "Strelecky, Rich"]
[Black "Disque, Philip"]
[Result "0-1"]
[WhiteElo "1667"]
[BlackElo "1603"]

1. e3 Nf6 2. f4 g6 3. Nf3 Bg7 4. d4 O-O 5. Bd3 c5 6. c3 cxd4 7. cxd4 d5 8.
 Nc3 Nc6 9. h3 Bf5 10. Bxf5 gxf5 11. O-O e6 12. Ne5 Nxe5 13. fxe5 Ne4 14. 
Nxe4 dxe4 15. b3 Kh8 16. Ba3 Rg8 17. Kh1 Bh6 18. Re1 Qg5 19. Qe2 Qg3 20. 
Bc1 Rac8 21. a4 Rc3 22. b4 Rgc8 23. Bd2 Rc2 24. Ra3 Bf8 25. Rb3 R8c4 26. 
Qd1 Ra2 27. a5 Bxb4 28. Re2 Bxd2 29. Rxd2 Rca4 30. Rxa2 Rxa2 31. Qg1 Rxa5 
32. Rb2 b6 33. Qc1 Ra3 34. Re2 Ra5 35. Qe1 Qxe1+ 36. Rxe1 Kg7 37. g4 fxg4 
38. hxg4 Ra2 39. Kg1 b5 40. Rb1 a6 41. Kf1 Rc2 42. Ra1 Rc6 43. Kf2 f6 44. 
Kg3 b4 45. exf6+ Kxf6 46. Kf4 b3 47. Rb1 Rb6 48. Rb2 a5 49. Kxe4 a4 50. 
Rb1 a3 0-1

[Event "2015 NA Class D Ch - Rd 1 Sect 2, S50121"]
[Site "CCLA"]
[Date "2015.04.27"]
[Round "?"]
[White "Latta, David A."]
[Black "Martindale, Roger"]
[Result "1-0"]
[WhiteElo "1276"]
[BlackElo "1188"]

1. f4 f5 2. Nf3 d6 3. g3 c5 4. Bg2 Nc6 5. O-O Nf6 6. Nc3 e6 7. d4 a6 8. 
Qd2 c4 9. Qe3 b5 10. d5 Nb4 11. dxe6 Nxc2 12. Qd2 Nxa1 13. Ng5 Qb6+ 14. 
Qe3 Qxe3+ 15. Bxe3 Rb8 16. Bc6+ Nd7 17. exd7+ Bxd7 18. Bxd7+ Kxd7 19. Rxa1
Ke7 20. Rd1 Ke8 21. Ne6 Rb7 22. Nd5 Kf7 23. Nd8+ Kg6 24. Nxb7 h5 25. Kg2 
Kh6 26. Nb4 Be7 27. Nc6 Bf8 28. Nbd8 g6 29. Ne6 a5 30. Nxf8 Rxf8 31. Rxd6 
Re8 32. Bd4 Rxe2+ 33. Kh3 a4 34. Ne7 Rxe7 35. Kh4 Re1 36. Rd7 g5+ 37. Kh3 
g4+ 38. Kh4 Re2 39. Rd6+ Kh7 40. Kxh5 Rxh2+ 41. Kg5 Rh3 42. Rd7+ Kg8 43. 
Rd8+ Kf7 44. Rd7+ Kf8 45. Kf6 Rxg3 46. Rd8# 1-0

[Event "2015 REGULAR QUAD, S50089"]
[Site "CCLA"]
[Date "2015.03.06"]
[Round "?"]
[White "Garner Jr., Curtis E."]
[Black "Williams, Rufus H."]
[Result "0-1"]
[WhiteElo "1600"]
[BlackElo "1309"]

1. f4 d5 2. Nf3 Nf6 3. e3 Bf5 4. b3 e6 5. Bb2 Be7 6. Nc3 a6 7. d4 b5 8. 
Ne5 Ne4 9. Nxe4 Bxe4 10. Bd3 Bxg2 11. Rg1 Bh4+ 12. Kd2 Be4 0-1

[Event "2015 REGULAR QUAD, S50089"]
[Site "CCLA"]
[Date "2015.03.06"]
[Round "?"]
[White "Garner Jr., Curtis E."]
[Black "Catania, Duane"]
[Result "0-1"]
[WhiteElo "1600"]
[BlackElo "1642"]

1. f4 d5 2. Nf3 Nc6 3. e3 Nf6 4. Nc3 Bg4 5. Be2 e6 6. h3 Bxf3 7. Bxf3 Be7 
8. O-O O-O 9. d3 a6 10. d4 Na5 11. a3 c5 0-1

[Event "2015 NA Class C Ch - Rd 1 Sect 2, S50101"]
[Site "CCLA"]
[Date "2015.04.27"]
[Round "?"]
[White "Cangelosi, Dominic"]
[Black "Lines, Daniel"]
[Result "1-0"]
[WhiteElo "1441"]
[BlackElo "1419"]

1. f4 d5 2. Nf3 Nf6 3. e3 e6 4. d4 Nc6 5. Bd3 Bd6 6. Nbd2 O-O 7. O-O Nb4 
8. Be2 c5 9. c3 cxd4 10. exd4 Nc6 11. Ne5 Nd7 12. Ndf3 Ndxe5 13. fxe5 Be7 
14. h3 a6 15. Nh2 b5 16. Rf3 Bb7 17. Rg3 g6 18. Bh6 Re8 19. Bh5 Bf8 20. 
Bg5 Be7 21. Qd2 Bxg5 22. Rxg5 Rf8 23. Rf1 Kh8 24. Rf6 Ne7 25. Rf1 gxh5 26.
 Rxh5 Rg8 27. Ng4 Nf5 28. Nf6 Rg7 29. Qg5 Qf8 30. Rf4 Re8 31. Rxf5 exf5 
32. Qxf5 Qg8 33. Nxg8 Rexg8 34. Qf6 Bc8 35. Rg5 Be6 36. h4 1-0

[Event "Winter Series, S50041"]
[Site "CCLA"]
[Date "2015.01.28"]
[Round "?"]
[White "McLaughlin, Ed"]
[Black "Smiley, William R."]
[Result "0-1"]
[WhiteElo "1493"]
[BlackElo "1587"]

1. f4 d5 2. Nf3 g6 3. e3 Bg7 4. d4 Nf6 5. Bd3 Ne4 6. Nbd2 f5 7. O-O Nd7 8.
 c4 e6 9. Ne5 Ndf6 10. b3 Bf8 11. Bb2 Bd7 12. Rc1 Bd6 13. c5 Bxe5 14. fxe5
Ng8 15. Ba3 Qg5 16. Rf3 h5 17. Qe2 c6 18. Bb4 h4 19. Qf1 O-O-O 20. Ba5 Re8
21. Rc2 Nh6 22. Qe1 Qe7 23. Rh3 g5 24. Rf3 g4 25. Rf4 Nf7 26. Qf1 Nfg5 27.
 b4 h3 28. Nxe4 hxg2 29. Rxg2 dxe4 30. Be2 Nh3+ 31. Kh1 Nxf4 32. Qxf4 Rh4 
33. Kg1 Rg8 34. a4 g3 35. Rxg3 Rxf4 36. exf4 Rxg3+ 37. hxg3 b6 38. Ba6+ 
Kb8 0-1

[Event "2015 Server Team Ch - Div 1, S51999"]
[Site "CCLA"]
[Date "2015.10.30"]
[Round "?"]
[White "O'Connell, Chris"]
[Black "Sherwood, Russell"]
[Result "1/2-1/2"]
[WhiteElo "2399"]
[BlackElo "2310"]
[Board "1"]
[WhiteTeam "Pennsylvania Keystones"]
[BlackTeam "BCCA Rooks"]

1. f4 d5 2. Nf3 g6 3. e3 Bg7 4. Be2 Nf6 5. O-O O-O 6. d3 c5 7. a4 Nc6 8. 
Na3 Qb6 9. c3 Rd8 10. Rb1 a6 11. Qe1 Bf5 12. b3 Qc7 13. Nh4 Bg4 14. Bxg4 
Nxg4 15. h3 Nf6 16. e4 dxe4 17. dxe4 e6 18. Nf3 Na5 19. Nc4 Nxc4 20. bxc4 
Nd7 21. Qh4 Qc6 22. a5 b6 23. f5 exf5 24. axb6 Nxb6 25. exf5 gxf5 26. Bf4 
Re8 27. Qh5 Na4 28. Nh4 Nxc3 29. Nxf5 Bd4+ 30. Nxd4 cxd4 31. Rb7 Ne2+ 32. 
Kh2 Qxb7 33. Qg5+ Kh8 34. Qf6+ 1/2-1/2

[Event "2015 Server Team Ch - Div 1, S51999"]
[Site "CCLA"]
[Date "2015.10.30"]
[Round "?"]
[White "O'Connell, Chris"]
[Black "Waller, Anthony"]
[Result "1/2-1/2"]
[WhiteElo "2399"]
[BlackElo "2238"]
[Board "1"]
[WhiteTeam "Pennsylvania Keystones"]
[BlackTeam "SchemingMind B"]

1. e3 d5 2. f4 Nf6 3. Nf3 g6 4. b4 Bg7 5. Bb2 O-O 6. Be2 Bg4 7. O-O c6 8. 
a4 Nbd7 9. Na3 Qb6 10. b5 a6 11. c4 axb5 12. axb5 Ne4 13. Bxg7 Kxg7 14. 
Qc2 Rfc8 15. bxc6 bxc6 16. Rfb1 Qc5 17. Qc1 Rcb8 18. Rxb8 Rxb8 19. d3 Nef6
20. d4 Qb4 21. Rb1 Qa5 22. Rxb8 Nxb8 23. c5 Bf5 24. h3 Ne4 25. Qb2 Nd7 26.
 g4 Nc3 27. gxf5 Nxe2+ 28. Qxe2 Qxa3 29. fxg6 hxg6 30. Ne5 Qc1+ 31. Kg2 
Nxe5 32. fxe5 Qa3 33. Kf2 Qc1 1/2-1/2

[Event "2015 NA Server Ch (CCLA Rules), S50169"]
[Site "CCLA"]
[Date "2015.04.27"]
[Round "?"]
[White "Quirk, Michael"]
[Black "Sereni, Vincent T."]
[Result "0-1"]
[WhiteElo "2130"]
[BlackElo "2123"]

1. f4 Nf6 2. Nf3 d5 3. e3 c5 4. Be2 g6 5. O-O Nc6 6. d3 Bg7 7. Nc3 O-O 8. 
Ne5 Qc7 9. Nxc6 Qxc6 10. Bf3 Rd8 11. Qe2 Qb6 12. e4 c4+ 13. Kh1 cxd3 14. 
cxd3 d4 15. Na4 Qc6 16. b3 b5 17. Nb2 Bb7 18. Qf2 Qd7 19. Qg3 Rac8 20. f5 
Rc2 21. Bd1 Rc3 22. Qh4 Bc6 23. Bd2 Qd6 24. a4 a6 25. axb5 axb5 26. Bf4 
Qc5 27. fxg6 hxg6 28. Ra5 Qb4 29. Ra6 Nd7 30. Bg5 f6 31. Bd2 Ne5 32. Bc2 
Bb7 33. Raa1 Qc5 34. Bb1 g5 35. Qf2 Qd6 36. Ra5 Bc6 37. Qg1 e6 38. Bxc3 
dxc3 39. Nd1 b4 40. Ne3 Qb8 41. Rd1 Be8 42. Bc2 Nc6 43. Ra2 Nd4 44. Re1 
Bb5 45. Rea1 Kf7 46. Re1 Kg6 47. Nc4 Nxc2 48. Rxc2 Rxd3 49. Ne3 Rd7 50. 
Ra2 Bf8 51. Rf2 Qc7 52. Rf3 Rd2 53. Ra1 Bc5 54. Qe1 Bd4 55. Rc1 Re2 56. 
Qf1 Bxe3 57. Rxe3 Rxe3 58. Qxb5 c2 59. h3 Qd6 60. Rg1 Rc3 0-1

[Event "Winter Series, S50051"]
[Site "CCLA"]
[Date "2015.01.28"]
[Round "?"]
[White "Howard, Christopher"]
[Black "Metz, Edward"]
[Result "1-0"]
[WhiteElo "1520"]
[BlackElo "1397"]

1. f4 Nf6 2. Nf3 d5 3. e3 Bg4 4. Be2 Bxf3 5. Bxf3 e6 6. c4 Bd6 7. cxd5 
Nxd5 8. Qb3 Qc8 9. Bxd5 exd5 10. Qxd5 O-O 11. O-O Nc6 12. Nc3 Rd8 13. b3 
Bxf4 14. Qf3 Ne5 15. Qxf4 Qe6 16. d4 Nd3 17. Qe4 Qa6 18. Rd1 Nxc1 19. 
Raxc1 Re8 20. Qd3 Qh6 21. Nd5 Rac8 22. Nxc7 Rxe3 23. Qd2 f5 24. Nd5 Ree8 
25. Qxh6 gxh6 26. Rxc8 1-0

[Event "2015 Server Team Champ - Div 4, S54999"]
[Site "CCLA"]
[Date "2015.10.28"]
[Round "?"]
[White "Latta, David A."]
[Black "Fritsch, Josiah"]
[Result "0-1"]
[WhiteElo "1276"]
[BlackElo "1310"]
[Board "3"]
[WhiteTeam "Pennsylvania Pawn Pushers"]
[BlackTeam "Pennsylvania Duck Patrol"]

1. Nf3 e5 2. Nxe5 Bc5 3. d4 f6 4. Nf3 Bb4+ 5. c3 Bd6 6. Qd3 Nc6 7. Qc4 Na5
8. Qd3 b6 9. Na3 c5 10. Nb5 c4 11. Qe3+ Be7 12. g4 Nh6 13. Nd6+ Kf8 14. 
Nf5 Nxf5 15. gxf5 g6 16. Qh6+ Kg8 17. d5 Bf8 18. e3 Bxh6 0-1

[Event "2015 NA Class D Ch - Rd 1 Sect 2, S50121"]
[Site "CCLA"]
[Date "2015.04.27"]
[Round "?"]
[White "Latta, David A."]
[Black "Cain, Larry F."]
[Result "0-1"]
[WhiteElo "1276"]
[BlackElo "1325"]

1. Nf3 g6 2. g4 Bg7 3. h4 e5 4. e4 Nc6 5. Bc4 Qe7 6. Qe2 f6 7. Bxg8 Rxg8 
8. Qc4 Rf8 9. Nc3 d6 10. O-O Be6 11. Qb5 O-O-O 12. Nd5 Qd7 13. d3 Bxg4 14.
 Be3 Bxf3 15. Kh2 Qg4 16. Rg1 Qxh4# 0-1

[Event "2015 NA Class A Ch Finals, S50179"]
[Site "CCLA"]
[Date "2015.04.27"]
[Round "?"]
[White "Smail, John"]
[Black "Anderson, Clarence"]
[Result "0-1"]
[WhiteElo "1720"]
[BlackElo "1717"]

1. e4 c5 2. Nf3 e6 3. d3 Nc6 4. g3 g6 5. Bg2 Bg7 6. O-O Nge7 7. Re1 d6 8. 
Nc3 O-O 9. Ne2 d5 10. Nf4 d4 11. h4 e5 12. Nd5 Bg4 13. Nxe7+ Qxe7 14. Qd2 
b5 15. Qg5 Qxg5 16. hxg5 Nb4 17. Re2 f5 18. Rd2 fxe4 19. Nh2 e3 20. Nxg4 
exd2 21. Bxd2 Rac8 22. a3 Nc6 23. Bd5+ Kh8 24. Kg2 Ne7 25. Be4 Nf5 26. Nh2
Nd6 27. Bd5 Rfe8 28. f3 c4 29. Bb4 cxd3 30. cxd3 Rc2+ 31. Kh3 Nf5 32. b3 
Ne3 33. Bf7 Rec8 0-1

[Event "Premier Quad, S50029"]
[Site "CCLA"]
[Date "2015.02.02"]
[Round "?"]
[White "Jones, Jan"]
[Black "Sereni, Vincent T."]
[Result "1/2-1/2"]
[WhiteElo "2228"]
[BlackElo "2117"]

1. Nf3 Nf6 2. g3 c5 3. Bg2 Nc6 4. O-O e5 5. c4 Be7 6. Nc3 d6 7. d3 O-O 8. 
a3 Bg4 9. h3 Bd7 10. Bg5 Be6 11. Bxf6 Bxf6 12. Nd5 Be7 13. e3 Qd7 14. h4 
Bd8 15. Qa4 Bf5 16. Rfd1 h6 17. b4 Rc8 18. Rab1 Kh8 19. Rb3 Qe8 20. Rb2 
Qd7 21. bxc5 dxc5 22. Nd2 Bg4 23. Rdb1 b6 24. Ne4 f5 25. Nec3 f4 26. exf4 
exf4 27. Nxf4 Rxf4 28. gxf4 Bf6 29. Rc2 Qxd3 30. Be4 Qd7 31. Re1 Bxh4 32. 
Ra2 Qe7 33. Nd5 Qf7 34. Ne3 Bd7 35. Ng2 Bf6 36. Bd5 Qh5 37. Re3 Rc7 38. 
Bf3 Qg6 39. Be4 Qg4 40. Bf3 Nd4 41. Bxg4 Bxa4 42. Rd2 g6 43. Be2 Kg7 44. 
Rg3 Nf5 45. Rh3 Rf7 46. Ne3 Bd4 47. Nd5 Nd6 48. Bd3 Bd7 49. Rg3 Nf5 50. 
Rg4 h5 51. Rg5 Nh4 52. Rg3 Ba4 53. Re2 Bd7 54. Re7 Nf5 55. Bxf5 Bxf5 56. 
a4 Bd7 57. Rxf7+ Kxf7 58. Rb3 h4 59. Nc3 Bxc3 60. Rxc3 Kf6 61. a5 Be6 62. 
axb6 axb6 63. Rb3 Bxc4 64. Rxb6+ Kf5 65. Rc6 Bd3 66. Rxc5+ Kxf4 67. Rc6 g5
68. Rh6 Bf5 69. Kg2 Be4+ 70. Kh3 1/2-1/2

[Event "2015 Server Team Champ - Div 4, S54999"]
[Site "CCLA"]
[Date "2015.10.28"]
[Round "?"]
[White "Latta, Richard W."]
[Black "Lyons, Brenda M."]
[Result "1-0"]
[WhiteElo "1441"]
[BlackElo "1221"]
[Board "5"]
[WhiteTeam "Pawntastics"]
[BlackTeam "Pennsylvania Duck Patrol"]

1. Nf3 d5 2. e4 dxe4 3. Ng5 Nf6 4. Bc4 Be6 5. Bb5+ Bd7 6. Bc4 e6 7. Nc3 
Bc6 8. O-O Bb4 9. Bxe6 O-O 10. Bf5 g6 11. Be6 Bxc3 12. bxc3 Bd7 13. Bc4 
Nc6 14. Ba3 Be6 15. Bxe6 h6 16. Nxf7 Qe8 17. Ng5+ Kh8 18. Nf7+ Rxf7 19. 
Bxf7 Qxf7 20. f4 Re8 21. Qe1 Nd5 22. g3 Nde7 23. g4 Qe6 24. Qh4 Ng8 25. c4
1-0

[Event "2015 Server Team Champ - Div 4, S54999"]
[Site "CCLA"]
[Date "2015.10.28"]
[Round "?"]
[White "Latta, David A."]
[Black "Hadley, Douglas R."]
[Result "0-1"]
[WhiteElo "1276"]
[BlackElo "1660"]
[Board "3"]
[WhiteTeam "Pennsylvania Pawn Pushers"]
[BlackTeam "Norsemen"]

1. Nf3 d5 2. e4 dxe4 3. Ng5 Bf5 4. g4 Bg6 5. Bg2 Nf6 6. O-O Nc6 7. f3 Qd4+
8. Kh1 e5 9. c3 Qd3 10. Na3 Bxa3 11. bxa3 O-O 12. Nh3 e3 13. Re1 Rad8 14. 
Rxe3 Qxe3 15. dxe3 Rxd1+ 16. Ng1 Nd5 17. e4 Nxc3 18. Bb2 Rxa1 19. Bxa1 Nd1
20. Nh3 Ne3 21. f4 Nxg2 22. Kxg2 Bxe4+ 23. Kf2 exf4 24. Nxf4 Rd8 25. Bc3 
Bb1 0-1

[Event "Winter Series, S50061"]
[Site "CCLA"]
[Date "2015.01.28"]
[Round "?"]
[White "Cain, Larry F."]
[Black "Anderson, Lawrence D."]
[Result "1-0"]
[WhiteElo "1353"]
[BlackElo "1435"]

1. Nf3 Nf6 2. d3 d5 3. e3 Nbd7 4. Be2 g6 5. h3 Bg7 6. c3 O-O 7. O-O e6 8. 
Nbd2 b6 9. Rb1 Bb7 10. Qc2 c5 11. b3 Re8 12. e4 e5 13. Bb2 a6 14. exd5 
Bxd5 15. Ne4 b5 16. c4 Bc6 17. Rfd1 Qc7 18. a3 Nxe4 19. dxe4 Rad8 20. b4 
Nf6 21. Bd3 Rd7 22. Bxe5 Qd8 23. cxb5 Bxb5 24. Bxb5 axb5 25. bxc5 Rxd1+ 
26. Rxd1 Qe7 27. Bd6 Qxe4 28. Qd2 Qc6 29. Qa2 Ne4 30. Ng5 Nxg5 31. Rd5 Ne4
32. Rd3 Nxc5 33. Qc2 Re1+ 34. Kh2 Re6 35. Qxc5 Qxc5 36. Bxc5 Be5+ 37. g3 
Kg7 38. Rb3 Bd6 39. Bxd6 1-0

[Event "Summer Series, S50341"]
[Site "CCLA"]
[Date "2015.07.25"]
[Round "?"]
[White "Cain, Larry F."]
[Black "Leber, David"]
[Result "1/2-1/2"]
[WhiteElo "1353"]
[BlackElo "1311"]

1. Nf3 Nf6 2. d3 d5 3. b3 e6 4. c3 Bc5 5. d4 Bb6 6. Bb2 O-O 7. Nbd2 Nc6 8.
 e3 Re8 9. Bb5 Bd7 10. O-O e5 11. Bxc6 Bxc6 12. dxe5 Ng4 13. c4 Bxe3 14. 
cxd5 Bb5 15. Nc4 Bxf2+ 16. Rxf2 Nxf2 17. Kxf2 Qd7 18. Qd4 Qf5 19. e6 Qc2+ 
20. Kg1 f6 21. Rc1 Qe2 22. Re1 Qc2 23. Ne3 Qg6 24. a4 Ba6 25. Nh4 Qh6 26. 
Nhf5 Qg6 27. Qc5 Bd3 28. Qxc7 Bxf5 29. Nxf5 Qxf5 30. Qf7+ Kh8 31. Rf1 Qxd5
32. Bxf6 gxf6 33. Qxf6+ Kg8 34. Qf7+ Kh8 35. Qf6+ Kg8 36. Qf7+ Kh8 37. 
Qf6+ Kg8 38. Qf7+ Kh8 39. Qf6+ Kg8 40. Qf7+ Kh8 1/2-1/2

[Event "2015 NA Class D Ch - Rd 1 Sect 2, S50121"]
[Site "CCLA"]
[Date "2015.04.27"]
[Round "?"]
[White "Latta, David A."]
[Black "Gunning, Edward E."]
[Result "0-1"]
[WhiteElo "1276"]
[BlackElo "1443"]

1. Nf3 d5 2. e4 dxe4 3. Ng5 Nf6 4. g4 Nxg4 5. Nxe4 e5 6. f3 Qh4+ 7. Ke2 
Bf5 8. Rg1 Bxe4 9. fxe4 Qf2+ 10. Kd3 Qxg1 11. Qe2 Nxh2 12. Nc3 Nxf1 13. b3
Ng3 14. Qg4 Qd4# 0-1

[Event "2015 Server Team Ch - Div 2"]
[Site "CCLA"]
[Date "2015.10.30"]
[Round "?"]
[White "Disque, Philip"]
[Black "Huff, David C."]
[Result "0-1"]
[WhiteElo "1668"]
[BlackElo "1857"]
[Board "5"]
[WhiteTeam "Big Red Fuzzy"]
[BlackTeam "SchemingMind C"]

1. Nf3 Nf6 2. b3 d5 3. d4 Bf5 4. e3 c6 5. Be2 Nbd7 6. O-O e6 7. Nbd2 h6 8.
 Bb2 Be7 9. Ne5 O-O 10. Bd3 Ne4 11. f3 Nxe5 12. fxe4 Nxd3 13. cxd3 Bg6 14.
 Qe2 Bb4 15. e5 Qa5 16. Nb1 Qa6 17. Rd1 f6 18. a3 Be7 19. b4 fxe5 20. dxe5
Rf7 21. Bd4 b6 22. Qc2 c5 23. bxc5 bxc5 24. Bb2 Raf8 25. Nc3 c4 26. e4 
cxd3 27. Qa4 Qb6+ 0-1

[Event "2015 Server Team Champ - Div 4, S54999"]
[Site "CCLA"]
[Date "2015.10.28"]
[Round "?"]
[White "Latta, David A."]
[Black "Laaman, Thomas"]
[Result "0-1"]
[WhiteElo "1276"]
[BlackElo "1648"]
[Board "3"]
[WhiteTeam "Pennsylvania Pawn Pushers"]
[BlackTeam "Pawntastics"]

1. Nf3 d5 2. e4 dxe4 3. Ng5 Bf5 4. g4 Bg6 5. d3 exd3 6. cxd3 e5 7. Nc3 Bb4
8. a3 Bxc3+ 9. Bd2 Bxd2+ 10. Qxd2 Nf6 11. Bg2 c6 12. O-O Qxd3 13. Qxd3 
Bxd3 14. Rfd1 Be2 15. Rd6 h6 16. Ne4 Nxe4 17. Bxe4 Bxg4 0-1

[Event "2015  Server Team - Div 3, S53999"]
[Site "CCLA"]
[Date "2015.10.30"]
[Round "?"]
[White "Tibbert, Peter H."]
[Black "Blankenship, Jerry T."]
[Result "0-1"]
[WhiteElo "1789"]
[BlackElo "1527"]
[Board "3"]
[WhiteTeam "BCCA Bishops"]
[BlackTeam "Knights of the Square Table"]

1. Nf3 Nf6 2. b3 d5 3. Bb2 e6 4. e3 Be7 5. c4 c6 6. Be2 Nbd7 7. O-O O-O 8.
 Qc2 b6 9. d3 Bb7 10. Nbd2 Rc8 11. Rac1 c5 12. Rfd1 Bd6 13. Nf1 Qe7 14. 
cxd5 exd5 15. Qd2 Ng4 16. Rc2 f5 17. h3 Ngf6 18. Rdc1 a6 19. N3h2 Rce8 20.
 f4 d4 21. exd4 Nd5 22. g3 Nb4 23. dxc5 Nxc2 24. Rxc2 Bxc5+ 25. d4 Bd6 26.
 Bc4+ Kh8 27. Bd3 Nc5 28. Rc1 Nxd3 29. Qxd3 Qe2 30. Qc2 a5 31. Bc3 Qb5 32.
 Re1 Qd5 0-1

[Event "2015 Regular Quad, S50039"]
[Site "CCLA"]
[Date "2015.02.02"]
[Round "?"]
[White "Pronovost, David"]
[Black "Williams, Rufus H."]
[Result "1-0"]
[WhiteElo "1731"]
[BlackElo "1309"]

1. Nf3 d5 2. g3 Nf6 3. Bg2 Bg4 4. d4 e6 5. O-O Be7 6. Nbd2 O-O 7. c4 dxc4 
8. Nxc4 Nc6 9. Nfe5 Nxe5 10. Nxe5 c6 11. Bg5 Bh5 12. Rc1 Rc8 13. Qd3 Ng4 
14. Bxe7 Qxe7 15. Nc4 Rcd8 16. e3 Bg6 17. Qd1 h5 18. Re1 Qf6 19. Re2 h4 
20. h3 Nh6 21. g4 Nxg4 22. hxg4 Qg5 23. Ne5 Qh6 24. f4 h3 25. Bxh3 Qxh3 
26. Qe1 Be4 27. Rh2 Qxh2+ 28. Kxh2 g6 29. g5 Kg7 30. Qb4 Rh8+ 31. Kg3 Bf5 
32. Qxb7 Rh3+ 33. Kg2 Rf8 34. e4 Rh4 35. exf5 Rxf4 36. f6+ Rxf6 37. gxf6+ 
Kxf6 38. Rf1+ 1-0

[Event "2015 Server Team Ch - Div 2"]
[Site "CCLA"]
[Date "2015.10.30"]
[Round "?"]
[White "Brotherton, Trevor S."]
[Black "Deskin, Gary"]
[Result "1/2-1/2"]
[WhiteElo "1894"]
[BlackElo "2128"]
[Board "1"]
[WhiteTeam "SchemingMind C"]
[BlackTeam "Big Red Fuzzy"]

1. g3 d5 2. Bg2 Nf6 3. Nf3 c6 4. O-O Bg4 5. b3 Nbd7 6. Bb2 e6 7. c4 Be7 8.
 d3 O-O 9. Qc2 h6 10. Nbd2 a5 11. a3 Bh5 12. Rfe1 Re8 13. e3 Bg6 14. e4 
Qb6 15. cxd5 exd5 16. Bh3 Bc5 17. Re2 Rad8 18. Rae1 Qb5 19. Nh4 Bh5 20. 
Nhf3 dxe4 21. dxe4 Ng4 22. a4 Qa6 23. e5 Bg6 24. Qc1 h5 25. Nc4 Nf8 26. e6
Nxe6 27. Bxg4 hxg4 28. Ng5 Bb4 29. Bc3 Bxc3 30. Qxc3 Qa7 31. Nxe6 Rxe6 32.
 Rxe6 fxe6 33. Rxe6 Rd1+ 34. Re1 Rxe1+ 35. Qxe1 Qd4 36. Nxa5 1/2-1/2

[Event "2015  Server Team - Div 3, S53999"]
[Site "CCLA"]
[Date "2015.10.30"]
[Round "?"]
[White "Tibbert, Peter H."]
[Black "Zaas, Joel"]
[Result "0-1"]
[WhiteElo "1789"]
[BlackElo "1914"]
[Board "3"]
[WhiteTeam "BCCA Bishops"]
[BlackTeam "Canadian Snowbirds"]

1. Nf3 Nf6 2. g3 d5 3. Bg2 c6 4. O-O Bg4 5. b3 Nbd7 6. Bb2 e6 7. d3 Bd6 8.
 Nbd2 O-O 9. h3 Bh5 10. c4 Qe7 11. Qc2 a5 12. Rfe1 h6 13. e4 dxe4 14. dxe4
Bg6 15. Rad1 Bb4 16. Bc3 Rfd8 17. Nh4 Bh7 18. Qb2 Nc5 19. Qc2 Rd3 0-1